Регионална библиотека "Любен Каравелов" - Русе

Глутница (Запис номер 401122)

MARC детайли
000 -Лидер
Контролно поле с фиксирана дължина nam a22 a 4500
003 - Код на организацията, давaща контролен номер
Контролно поле BLK
005 - Дата и час на последна редакция
Контролно поле 20210317140251.0
008 - Елементи от данни с фиксирана дължина
fixed length control field 210317b bu |||||r|||| 00| | bu d
040 ## - Източник на каталожния запис
Идентификатор на билиотеката - собственик на записа BLK
041 ## - Код за език
Код за езика на текст/звукозапис или на отделно заглавие Български
Код за езика КДБФ Български
080 ## - УДК
Текстов определител УДК Политика
УДК код - определител по УДК 32
УДК - код + определител 32
100 ## - Редна дума - Автор
R(LIN) 1299
Автор Лиман, Хориа
Авторска отговорност първи автор
139 ## - Редно поле
Редна дума Лиман, Хориа
245 ## - Сведения за заглавието
Заглавие Глутница
Редно поле (дума) Хориа Лиман ; Прев. от рум. Ариадна Игнатова ; Ил. Дору
260 ## - Област на издателските данни
9 (RLIN) 217576
Място на издаване, разпространение и проч. София
Име на издателя, разпространителя и проч. Дир. на печата
Година на издаване 1950
300 ## - Физическа характеристика
Страници 148 с.
Илюстрации и др. с ил
Размери/Мащаб 25 см
380 ## - Жанр
Жанр Обществени науки
650 #7 - Допълнително описание по предмет – тема
9 (RLIN) 166829
Основно описание – тема или топоним Политика - дейци
653 #7 - Ключова дума – ненормативна
9 (RLIN) 194078
Ключова дума политически лидери
700 ## - Други автори (авторска отговорност)
9 (RLIN) 1120
Лично име Игнатова, Ариадна
Автороска отговорност (Описва отношението между автора и произведението) прев. от рум.
700 ## - Други автори (авторска отговорност)
9 (RLIN) 599
Лично име Дору
Автороска отговорност (Описва отношението между автора и произведението) ил.
852 ## - Местоположение
Форматна сигнатура Цб 636
Фондова буква Основен фонд - ползва се само за читалня
999 ## - СИСТЕМНИ КОНТРОЛНИ НОМЕРА
Koha biblionumber 401122
Koha biblioitemnumber 401122
942 ## - АРТИКУЛИ
Вид на библиотечния материал Книги
Скрит в OPAC Не
Периодичен библиозапис Да
944 ## - СЪЗДАВАНЕ И РЕДАКЦИЯ на ЗАПИСА
Създаване/Редакция Създаване
Дата на регистрацията/редакция 2021-03-17
Служител, извършил регистрацията/редакцията Христина Везирева
Наличности
Код за отписване Код за изгубен артикул Източник на класификационната схема Код за повреда Коз за рестрикции Код за отдаване Артикулен № Име на библиотеката - собственик Име на библиотеката, в която се намира в момента Статус (Текущо местоположение) Дата на вписване в системата Местоположение - отдел Цена в лева Инвентарен номер Систематично азбучна сигнатура Баркод Цена в евро Служебен тип на артикула
  Не е изгубен Universal Decimal Classification Не е повреден само за читалня ползва се в читалня 817261 Регионална библиотека "Любен Каравелов" Русе Регионална библиотека "Любен Каравелов" Русе Хранилище 2021-03-18 Основен фонд - ползва се само за читалня 0.11 39728-б Цб 636 900000049227 0.06 Книги
Vip Innovations Ltd, Rousse, Bulgaria 2025